Zatiaľ bez konkurencie

Automobilový trh na Slovensku zaznamenáva konjunktúru. Porovnanie predaja osobných automobilov v SR podľa značiek. Objem lízingu jednotlivých komodít. Najväčšie lízingové spoločnosti v SR podľa objemu lízingu áut. Špecifikácia objemu lízingu vozidiel.

Na minha lista:
Detalhes bibliográficos
Formato: Capítulo de Livro
Idioma:eslovaco
Assuntos:
Tags: Adicionar Tag
Sem tags, seja o primeiro a adicionar uma tag!

MARC

LEADER 00000naa a2200000 4500
001 r042824
005 20230920073254.1
041 0 |a slo 
044 |a SK 
245 1 0 |a Zatiaľ bez konkurencie 
520 |a Automobilový trh na Slovensku zaznamenáva konjunktúru. Porovnanie predaja osobných automobilov v SR podľa značiek. Objem lízingu jednotlivých komodít. Najväčšie lízingové spoločnosti v SR podľa objemu lízingu áut. Špecifikácia objemu lízingu vozidiel. 
610 2 0 |a priemysel automobilový 
610 2 0 |a konjunktúra 
610 2 0 |a lízing 
610 2 0 |a trh 
610 2 0 |a predaj 
610 2 0 |a Slovensko